000
00314nam a22001337a 4500
008
170816b xxu||||| |||| 00| 0 eng d
020
_a
9780321112507
041
_a
eng
080
_2
7TH
_a
51
100
_a
36
101
_a
MAT
245
_a
A SURVEY OF MATHEMATICS WITH APPLICATIONS
_c
ANGEL,A.R
942
_2
udc
_c
BK
999
_c
23770
_d
23770